[Event "8th Vellmar Chess Days"]
[Site "chess24.com"]
[Date "2016.07.30"]
[Round "4"]
[White "Fischer, Andreas"]
[Black "Schnegelberger, Leon"]
[Result "0-1"]
[Board "46"]
[WhiteElo "1859"]
[WhiteTeam "SK Bad Sooden-Allendorf"]
[WhiteCountry "GER"]
[WhiteFideId "1270053"]
[WhiteEloChange "-8"]
[BlackElo "1924"]
[BlackTeam "Kasseler SK"]
[BlackCountry "GER"]
[BlackFideId "16211871"]
[BlackEloChange "8"]

1. e4 {[%clk 1:30:30]} c6 {[%clk 1:30:30]} 2. d4 {[%clk 1:30:30]} d5 {[%clk
1:30:30]} 3. exd5 {[%clk 1:30:30]} cxd5 {[%clk 1:30:30]} 4. Bd3 {[%clk 1:30:30]}
Nc6 {[%clk 1:30:30]} 5. c3 {[%clk 1:30:30]} Nf6 {[%clk 1:30:30]} 6. Nf3 {[%clk
1:30:30]} Bg4 {[%clk 1:30:30]} 7. Qb3 {[%clk 1:30:30]} Qc7 {[%clk 1:30:30]} 8.
Nbd2 {[%clk 1:30:30]} e6 {[%clk 1:30:30]} 9. O-O {[%clk 1:30:30]} Bd6 {[%clk
1:30:30]} 10. Qc2 {[%clk 1:30:30]} O-O {[%clk 1:30:30]} 11. Re1 {[%clk 1:30:30]}
Rac8 {[%clk 1:30:30]} 12. Qb1 {[%clk 1:30:30]} Rfe8 {[%clk 1:30:30]} 13. h3
{[%clk 1:30:30]} Bh5 {[%clk 1:30:30]} 14. g4 {[%clk 1:30:30]} Bg6 {[%clk
1:30:30]} 15. Bxg6 {[%clk 1:30:30]} hxg6 {[%clk 1:30:30]} 16. g5 {[%clk 1:30:30]}
Nh5 {[%clk 1:30:30]} 17. Nf1 {[%clk 1:30:30]} e5 {[%clk 1:30:30]} 18. dxe5 {[%clk
1:30:30]} Bxe5 {[%clk 1:30:30]} 19. Be3 {[%clk 1:30:30]} Qd7 {[%clk 1:30:30]} 20.
Kg2 {[%clk 1:30:30]} Bf4 {[%clk 1:30:30]} 21. Qc1 {[%clk 1:30:30]} Bxe3 {[%clk
1:30:30]} 22. fxe3 {[%clk 1:30:30]} Ne7 {[%clk 1:30:30]} 23. Ng3 {[%clk 1:30:30]}
Nxg3 {[%clk 1:30:30]} 24. Kxg3 {[%clk 1:30:30]} Nf5+ {[%clk 1:30:30]} 25. Kf2
{[%clk 1:30:30]} Qd6 {[%clk 1:30:30]} 26. Rg1 {[%clk 1:30:30]} Rxe3 {[%clk
1:30:30]} 27. Rg4 {[%clk 1:30:30]} Rce8 {[%clk 1:30:30]} 28. Qd2 {[%clk 1:30:30]}
Qb6 {[%clk 1:30:30]} 29. Nd4 {[%clk 1:30:30]} Nxd4 {[%clk 1:30:30]} 30. cxd4
{[%clk 1:30:30]} Re2+ {[%clk 1:30:30]} 31. Qxe2 {[%clk 1:30:30]} Rxe2+ {[%clk
1:30:30]} 0-1

[Event "8th Vellmar Chess Days"]
[Site "chess24.com"]
[Date "2016.07.30"]
[Round "4"]
[White "Reitz, Philipp"]
[Black "Kaufmann, Gunther"]
[Result "1/2-1/2"]
[Board "47"]
[WhiteElo "1924"]
[WhiteTeam "VfR-SC Koblenz"]
[WhiteCountry "GER"]
[WhiteFideId "12973297"]
[WhiteEloChange "-3"]
[BlackElo "1829"]
[BlackTeam "SG Donautal Tuttlingen"]
[BlackCountry "GER"]
[BlackFideId "4669509"]
[BlackEloChange "3"]

1. d4 {[%clk 1:30:30]} Nf6 {[%clk 1:30:30]} 2. Nf3 {[%clk 1:30:30]} g6 {[%clk
1:30:30]} 3. Nbd2 {[%clk 1:30:30]} Bg7 {[%clk 1:30:30]} 4. e4 {[%clk 1:30:30]} d6
{[%clk 1:30:30]} 5. c3 {[%clk 1:30:30]} Nbd7 {[%clk 1:30:30]} 6. Bd3 {[%clk
1:30:30]} O-O {[%clk 1:30:30]} 7. O-O {[%clk 1:30:30]} e5 {[%clk 1:30:30]} 8. Re1
{[%clk 1:30:30]} a6 {[%clk 1:30:30]} 9. a4 {[%clk 1:30:30]} Re8 {[%clk 1:30:30]}
10. Nc4 {[%clk 1:30:30]} exd4 {[%clk 1:30:30]} 11. cxd4 {[%clk 1:30:30]} d5
{[%clk 1:30:30]} 12. exd5 {[%clk 1:30:30]} Nxd5 {[%clk 1:30:30]} 13. Nce5 {[%clk
1:30:30]} N7f6 {[%clk 1:30:30]} 14. Bg5 {[%clk 1:30:30]} Be6 {[%clk 1:30:30]} 15.
h4 {[%clk 1:30:30]} Qc8 {[%clk 1:30:30]} 16. Qd2 {[%clk 1:30:30]} Bg4 {[%clk
1:30:30]} 17. Nh2 {[%clk 1:30:30]} Be6 {[%clk 1:30:30]} 18. Nf1 {[%clk 1:30:30]}
Ng4 {[%clk 1:30:30]} 19. h5 {[%clk 1:30:30]} f6 {[%clk 1:30:30]} 20. Nxg4 {[%clk
1:30:30]} Bxg4 {[%clk 1:30:30]} 21. h6 {[%clk 1:30:30]} fxg5 {[%clk 1:30:30]} 22.
hxg7 {[%clk 1:30:30]} Kxg7 {[%clk 1:30:30]} 23. Qxg5 {[%clk 1:30:30]} Nf6 {[%clk
1:30:30]} 24. Ne3 {[%clk 1:30:30]} Be6 {[%clk 1:30:30]} 25. Kh2 {[%clk 1:30:30]}
c6 {[%clk 1:30:30]} 26. Rh1 {[%clk 1:30:30]} Qd7 {[%clk 1:30:30]} 27. Rad1 {[%clk
1:30:30]} Rad8 {[%clk 1:30:30]} 28. Bc2 {[%clk 1:30:30]} Qe7 {[%clk 1:30:30]} 29.
Kg1 {[%clk 1:30:30]} Ng4 {[%clk 1:30:30]} 30. Qxe7+ {[%clk 1:30:30]} Rxe7 {[%clk
1:30:30]} 31. Nxg4 {[%clk 1:30:30]} Bxg4 {[%clk 1:30:30]} 32. f3 {[%clk 1:30:30]}
Be6 {[%clk 1:30:30]} 33. Kf2 {[%clk 1:30:30]} Bc4 {[%clk 1:30:30]} 34. Rhe1
{[%clk 1:30:30]} Rxe1 {[%clk 1:30:30]} 1/2-1/2

[Event "8th Vellmar Chess Days"]
[Site "chess24.com"]
[Date "2016.07.30"]
[Round "4"]
[White "Wuestehube, Harry"]
[Black "Reichelt, Ole"]
[Result "1-0"]
[Board "48"]
[WhiteElo "1888"]
[WhiteTeam "Kasseler SK"]
[WhiteCountry "GER"]
[WhiteFideId "24614084"]
[WhiteEloChange "6"]
[BlackElo "1738"]
[BlackTeam "Hamelner SV"]
[BlackCountry "GER"]
[BlackFideId "12965073"]
[BlackEloChange "-6"]

1. e4 {[%clk 1:30:30]} e6 {[%clk 1:30:30]} 2. d3 {[%clk 1:30:30]} d5 {[%clk
1:30:30]} 3. Nd2 {[%clk 1:30:30]} Nf6 {[%clk 1:30:30]} 4. Ngf3 {[%clk 1:30:30]}
c5 {[%clk 1:30:30]} 5. g3 {[%clk 1:30:30]} Nc6 {[%clk 1:30:30]} 6. Bg2 {[%clk
1:30:30]} Bd6 {[%clk 1:30:30]} 7. O-O {[%clk 1:30:30]} O-O {[%clk 1:30:30]} 8.
Re1 {[%clk 1:30:30]} Qc7 {[%clk 1:30:30]} 9. c3 {[%clk 1:30:30]} b6 {[%clk
1:30:30]} 10. Qe2 {[%clk 1:30:30]} dxe4 {[%clk 1:30:30]} 11. dxe4 {[%clk
1:30:30]} Be5 {[%clk 1:30:30]} 12. Nxe5 {[%clk 1:30:30]} Nxe5 {[%clk 1:30:30]}
13. f4 {[%clk 1:30:30]} Nc6 {[%clk 1:30:30]} 14. e5 {[%clk 1:30:30]} Nd5 {[%clk
1:30:30]} 15. Ne4 {[%clk 1:30:30]} Nde7 {[%clk 1:30:30]} 16. Be3 {[%clk 1:30:30]}
Nf5 {[%clk 1:30:30]} 17. Bf2 {[%clk 1:30:30]} Bb7 {[%clk 1:30:30]} 18. g4 {[%clk
1:30:30]} Nfe7 {[%clk 1:30:30]} 19. Nd6 {[%clk 1:30:30]} Na5 {[%clk 1:30:30]} 20.
Nxb7 {[%clk 1:30:30]} Nxb7 {[%clk 1:30:30]} 21. f5 {[%clk 1:30:30]} exf5 {[%clk
1:30:30]} 22. gxf5 {[%clk 1:30:30]} Rae8 {[%clk 1:30:30]} 23. Qe4 {[%clk
1:30:30]} Nd8 {[%clk 1:30:30]} 24. Bg3 {[%clk 1:30:30]} Nec6 {[%clk 1:30:30]} 25.
e6 {[%clk 1:30:30]} Qe7 {[%clk 1:30:30]} 26. Rad1 {[%clk 1:30:30]} fxe6 {[%clk
1:30:30]} 27. Bd6 {[%clk 1:30:30]} exf5 {[%clk 1:30:30]} 28. Bxe7 {[%clk
1:30:30]} fxe4 {[%clk 1:30:30]} 29. Bxf8 {[%clk 1:30:30]} Rxf8 {[%clk 1:30:30]}
30. Rxe4 {[%clk 1:30:30]} Nf7 {[%clk 1:30:30]} 31. Rd7 {[%clk 1:30:30]} Nfe5
{[%clk 1:30:30]} 32. Rc7 {[%clk 1:30:30]} Rd8 {[%clk 1:30:30]} 33. Re1 {[%clk
1:30:30]} Rd6 {[%clk 1:30:30]} 34. Bxc6 {[%clk 1:30:30]} Rxc6 {[%clk 1:30:30]}
35. Rxc6 {[%clk 1:30:30]} Nxc6 {[%clk 1:30:30]} 36. Re6 {[%clk 1:30:30]} Na5
{[%clk 1:30:30]} 37. Re7 {[%clk 1:30:30]} Nc4 {[%clk 1:30:30]} 38. b3 {[%clk
1:30:30]} Nd6 {[%clk 1:30:30]} 39. Rxa7 {[%clk 1:30:30]} Nb5 {[%clk 1:30:30]} 40.
Ra8+ {[%clk 1:30:30]} Kf7 {[%clk 1:30:30]} 41. c4 {[%clk 1:30:30]} Nc3 {[%clk
1:30:30]} 42. Ra7+ {[%clk 1:30:30]} Kf6 {[%clk 1:30:30]} 43. Ra6 {[%clk 1:30:30]}
Ke5 {[%clk 1:30:30]} 44. Rxb6 {[%clk 1:30:30]} Nxa2 {[%clk 1:30:30]} 45. Rb7
{[%clk 1:30:30]} Kf6 {[%clk 1:30:30]} 46. Rb5 {[%clk 1:30:30]} Nc1 {[%clk
1:30:30]} 47. Kf2 {[%clk 1:30:30]} g5 {[%clk 1:30:30]} 48. Ke3 {[%clk 1:30:30]}
g4 {[%clk 1:30:30]} 49. Kd2 {[%clk 1:30:30]} Na2 {[%clk 1:30:30]} 50. Rxc5 {[%clk
1:30:30]} Kg6 {[%clk 1:30:30]} 51. Ke3 {[%clk 1:30:30]} h5 {[%clk 1:30:30]} 52.
Kf4 {[%clk 1:30:30]} Nc3 {[%clk 1:30:30]} 53. Rc6+ {[%clk 1:30:30]} 1-0

[Event "8th Vellmar Chess Days"]
[Site "chess24.com"]
[Date "2016.07.30"]
[Round "4"]
[White "Helmer, Jan"]
[Black "Kothe, Erik"]
[Result "0-1"]
[Board "49"]
[WhiteElo "1799"]
[WhiteTeam "Hamelner SV"]
[WhiteCountry "GER"]
[WhiteFideId "12956686"]
[WhiteEloChange "-8"]
[BlackElo "1877"]
[BlackTeam "Landeck Schenklengsfeld"]
[BlackCountry "GER"]
[BlackFideId "24628573"]
[BlackEloChange "8"]

1. d4 {[%clk 1:30:30]} c5 {[%clk 1:30:30]} 2. e3 {[%clk 1:30:30]} e6 {[%clk
1:30:30]} 3. Bd3 {[%clk 1:30:30]} cxd4 {[%clk 1:30:30]} 4. exd4 {[%clk 1:30:30]}
d5 {[%clk 1:30:30]} 5. Nf3 {[%clk 1:30:30]} Nf6 {[%clk 1:30:30]} 6. O-O {[%clk
1:30:30]} Be7 {[%clk 1:30:30]} 7. b3 {[%clk 1:30:30]} O-O {[%clk 1:30:30]} 8. Bb2
{[%clk 1:30:30]} Nc6 {[%clk 1:30:30]} 9. a3 {[%clk 1:30:30]} Qc7 {[%clk 1:30:30]}
10. Ne5 {[%clk 1:30:30]} Nd7 {[%clk 1:30:30]} 11. f4 {[%clk 1:30:30]} f5 {[%clk
1:30:30]} 12. Nd2 {[%clk 1:30:30]} Qb6 {[%clk 1:30:30]} 13. Ndf3 {[%clk 1:30:30]}
Bf6 {[%clk 1:30:30]} 14. Kh1 {[%clk 1:30:30]} g6 {[%clk 1:30:30]} 15. Rg1 {[%clk
1:30:30]} Bg7 {[%clk 1:30:30]} 16. Qe1 {[%clk 1:30:30]} Nf6 {[%clk 1:30:30]} 17.
Qh4 {[%clk 1:30:30]} Nxe5 {[%clk 1:30:30]} 18. fxe5 {[%clk 1:30:30]} Ne4 {[%clk
1:30:30]} 19. Raf1 Qd8 {[%clk 1:30:30]} 20. Qh3 Ng5 {[%clk 1:30:30]} 21. Nxg5
Qxg5 {[%clk 1:30:30]} 22. Bc1 Qe7 {[%clk 1:30:30]} 23. Qg3 Bd7 {[%clk 1:30:30]}
24. h4 Be8 {[%clk 1:30:30]} 25. Be2 h6 {[%clk 1:30:30]} 26. Qh3 h5 {[%clk
1:30:30]} 27. c4 dxc4 {[%clk 1:30:30]} 28. bxc4 Rc8 {[%clk 1:30:30]} 29. Bd2 Qd8
{[%clk 1:30:30]} 30. Bc3 Bh6 {[%clk 1:30:30]} 31. Rd1 Bc6 {[%clk 1:30:30]} 32. d5
exd5 {[%clk 1:30:30]} 33. cxd5 Ba4 {[%clk 1:30:30]} 34. Rd4 Bc2 {[%clk 1:30:30]}
35. Bc4 Rxc4 {[%clk 1:30:30]} 36. Rxc4 Qxd5 {[%clk 1:30:30]} 37. Rd4 Qxe5 {[%clk
1:30:30]} 38. Re1 Qc7 {[%clk 1:30:30]} 39. Bb4 Rd8 {[%clk 1:30:30]} 40. Rxd8+
Qxd8 {[%clk 1:30:30]} 41. Qg3 f4 {[%clk 1:30:30]} 42. Qh3 Bf5 {[%clk 1:30:30]}
43. Qb3+ Kh7 {[%clk 1:30:30]} 44. Qf7+ Bg7 {[%clk 1:30:30]} 45. Re7 Qd4 {[%clk
1:30:30]} 46. Rc7 f3 {[%clk 1:30:30]} 47. gxf3 Qxh4+ {[%clk 1:30:30]} 48. Kg1
Qg3+ {[%clk 1:30:30]} 49. Kh1 Qxf3+ {[%clk 1:30:30]} 50. Kh2 Qf2+ {[%clk
1:30:30]} 0-1

[Event "8th Vellmar Chess Days"]
[Site "chess24.com"]
[Date "2016.07.30"]
[Round "4"]
[White "Koronowski, Heinz-Juergen"]
[Black "Beyer, Nils"]
[Result "1-0"]
[Board "50"]
[WhiteElo "1730"]
[WhiteTeam "SK Wildeshausen"]
[WhiteCountry "GER"]
[WhiteFideId "12943762"]
[WhiteEloChange "14"]
[BlackElo "1875"]
[BlackTeam "SVG Caissa Kassel"]
[BlackCountry "GER"]
[BlackFideId "12995355"]
[BlackEloChange "-14"]

1. e4 {[%clk 1:30:30]} c5 {[%clk 1:30:30]} 2. Nc3 {[%clk 1:30:30]} Nc6 {[%clk
1:30:30]} 3. f4 {[%clk 1:30:30]} e6 {[%clk 1:30:30]} 4. Nf3 {[%clk 1:30:30]} d5
{[%clk 1:30:30]} 5. Bb5 {[%clk 1:30:30]} Ne7 {[%clk 1:30:30]} 6. d3 {[%clk
1:30:30]} a6 {[%clk 1:30:30]} 7. Bxc6+ {[%clk 1:30:30]} Nxc6 {[%clk 1:30:30]} 8.
O-O {[%clk 1:30:30]} Be7 {[%clk 1:30:30]} 9. e5 {[%clk 1:30:30]} O-O {[%clk
1:30:30]} 10. Kh1 {[%clk 1:30:30]} b5 {[%clk 1:30:30]} 11. Ne2 {[%clk 1:30:30]}
Qc7 {[%clk 1:30:30]} 12. c3 {[%clk 1:30:30]} f6 {[%clk 1:30:30]} 13. d4 {[%clk
1:30:30]} cxd4 {[%clk 1:30:30]} 14. cxd4 {[%clk 1:30:30]} a5 {[%clk 1:30:30]} 15.
Be3 {[%clk 1:30:30]} Ba6 {[%clk 1:30:30]} 16. Qd2 {[%clk 1:30:30]} Rac8 {[%clk
1:30:30]} 17. Rfc1 {[%clk 1:30:30]} Qb6 {[%clk 1:30:30]} 18. Nc3 {[%clk 1:30:30]}
Qa7 {[%clk 1:30:30]} 19. h3 {[%clk 1:30:30]} Bd8 {[%clk 1:30:30]} 20. Ne2 {[%clk
1:30:30]} Bb6 {[%clk 1:30:30]} 21. Rd1 {[%clk 1:30:30]} b4 {[%clk 1:30:30]} 22.
Rac1 {[%clk 1:30:30]} fxe5 {[%clk 1:30:30]} 23. fxe5 {[%clk 1:30:30]} Rxf3 {[%clk
1:30:30]} 24. gxf3 {[%clk 1:30:30]} Nxe5 {[%clk 1:30:30]} 25. Rxc8+ {[%clk
1:30:30]} Bxc8 {[%clk 1:30:30]} 26. dxe5 {[%clk 1:30:30]} Bxe3 {[%clk 1:30:30]}
27. Qc2 {[%clk 1:30:30]} Ba6 {[%clk 1:30:30]} 28. Re1 {[%clk 1:30:30]} d4 {[%clk
1:30:30]} 29. Nc1 {[%clk 1:30:30]} Bb7 {[%clk 1:30:30]} 30. Kg2 {[%clk 1:30:30]}
Qa8 {[%clk 1:30:30]} 31. Rf1 {[%clk 1:30:30]} Qd8 {[%clk 1:30:30]} 32. Kh1 {[%clk
1:30:30]} Qf8 {[%clk 1:30:30]} 33. Kg2 {[%clk 1:30:30]} Qe7 {[%clk 1:30:30]} 34.
Qe2 {[%clk 1:30:30]} Qg5+ {[%clk 1:30:30]} 35. Kh1 {[%clk 1:30:30]} Bxc1 {[%clk
1:30:30]} 36. Qb5 {[%clk 1:30:30]} Bxf3+ {[%clk 1:30:30]} 37. Rxf3 {[%clk
1:30:30]} Qd8 {[%clk 1:30:30]} 38. Qc6 {[%clk 1:30:30]} h6 {[%clk 1:30:30]} 39.
Qxe6+ {[%clk 1:30:30]} Kh8 {[%clk 1:30:30]} 40. Qd6 {[%clk 1:30:30]} Qh4 {[%clk
1:30:30]} 41. Qf8+ {[%clk 1:30:30]} Kh7 {[%clk 1:30:30]} 42. Qf5+ {[%clk
1:30:30]} Kh8 {[%clk 1:30:30]} 43. e6 {[%clk 1:30:30]} Bg5 {[%clk 1:30:30]} 44.
Kg2 {[%clk 1:30:30]} Be7 {[%clk 1:30:30]} 45. Rf4 {[%clk 1:30:30]} Qf6 {[%clk
1:30:30]} 46. Qxf6 {[%clk 1:30:30]} gxf6 {[%clk 1:30:30]} 47. Rxd4 {[%clk
1:30:30]} Kg7 {[%clk 1:30:30]} 48. Rd7 {[%clk 1:30:30]} Kf8 {[%clk 1:30:30]} 49.
Kf3 {[%clk 1:30:30]} a4 {[%clk 1:30:30]} 50. b3 {[%clk 1:30:30]} a3 {[%clk
1:30:30]} 51. Ke4 {[%clk 1:30:30]} h5 {[%clk 1:30:30]} 52. Kf5 {[%clk 1:30:30]}
h4 {[%clk 1:30:30]} 53. Rb7 {[%clk 1:30:30]} Ke8 {[%clk 1:30:30]} 54. Rb8+ {[%clk
1:30:30]} Bd8 {[%clk 1:30:30]} 55. Rxb4 {[%clk 1:30:30]} Kf8 {[%clk 1:30:30]} 56.
Rb8 {[%clk 1:30:30]} Ke8 {[%clk 1:30:30]} 1-0

[Event "8th Vellmar Chess Days"]
[Site "chess24.com"]
[Date "2016.07.30"]
[Round "4"]
[White "Kanbach, Mike"]
[Black "Lukas, Anne"]
[Result "1/2-1/2"]
[Board "51"]
[WhiteElo "1867"]
[WhiteTeam "SP Plesse Bovenden"]
[WhiteCountry "GER"]
[WhiteFideId "12974536"]
[WhiteEloChange "-1"]
[BlackElo "1821"]
[BlackTeam "SK Gernsheim"]
[BlackCountry "GER"]
[BlackFideId "12945064"]
[BlackEloChange "1"]

1. d4 {[%clk 1:30:30]} Nf6 {[%clk 1:30:30]} 2. Nf3 {[%clk 1:30:30]} c5 {[%clk
1:30:30]} 3. e3 {[%clk 1:30:30]} g6 {[%clk 1:30:30]} 4. dxc5 {[%clk 1:30:30]} Bg7
{[%clk 1:30:30]} 5. Nbd2 {[%clk 1:30:30]} Qa5 {[%clk 1:30:30]} 6. a3 {[%clk
1:30:30]} Qxc5 {[%clk 1:30:30]} 7. b4 {[%clk 1:30:30]} Qc7 {[%clk 1:30:30]} 8.
Bb2 {[%clk 1:30:30]} d6 {[%clk 1:30:30]} 9. Be2 {[%clk 1:30:30]} O-O {[%clk
1:30:30]} 10. O-O {[%clk 1:30:30]} a6 {[%clk 1:30:30]} 11. c4 {[%clk 1:30:30]}
Bd7 {[%clk 1:30:30]} 12. Rc1 {[%clk 1:30:30]} Nc6 {[%clk 1:30:30]} 13. Qb3 {[%clk
1:30:30]} Qb8 {[%clk 1:30:30]} 14. Rfd1 {[%clk 1:30:30]} a5 {[%clk 1:30:30]} 15.
Bc3 {[%clk 1:30:30]} axb4 {[%clk 1:30:30]} 16. axb4 {[%clk 1:30:30]} Nd8 {[%clk
1:30:30]} 17. Ra1 {[%clk 1:30:30]} Rxa1 {[%clk 1:30:30]} 18. Rxa1 {[%clk
1:30:30]} Ne6 {[%clk 1:30:30]} 19. Nd4 {[%clk 1:30:30]} Rc8 {[%clk 1:30:30]} 20.
Nxe6 {[%clk 1:30:30]} Bxe6 {[%clk 1:30:30]} 21. Qb2 {[%clk 1:30:30]} b5 {[%clk
1:30:30]} 22. Bf3 {[%clk 1:30:30]} Qc7 {[%clk 1:30:30]} 23. Ra6 {[%clk 1:30:30]}
Bxc4 {[%clk 1:30:30]} 24. Bd4 {[%clk 1:30:30]} d5 {[%clk 1:30:30]} 25. Ra7 {[%clk
1:30:30]} Qd8 {[%clk 1:30:30]} 26. Qa1 {[%clk 1:30:30]} Bd3 {[%clk 1:30:30]} 27.
Nb3 {[%clk 1:30:30]} Bc4 {[%clk 1:30:30]} 28. Nc5 {[%clk 1:30:30]} e6 {[%clk
1:30:30]} 29. Nb7 {[%clk 1:30:30]} Qe7 {[%clk 1:30:30]} 30. Nc5 {[%clk 1:30:30]}
Qd8 {[%clk 1:30:30]} 31. Nb7 {[%clk 1:30:30]} 1/2-1/2

[Event "8th Vellmar Chess Days"]
[Site "chess24.com"]
[Date "2016.07.30"]
[Round "4"]
[White "Mao, Yvonne"]
[Black "Baumann, Marcel"]
[Result "0-1"]
[Board "52"]
[WhiteElo "1733"]
[WhiteTeam "SK Gernsheim"]
[WhiteCountry "GER"]
[WhiteFideId "12942561"]
[WhiteEloChange "-7"]
[BlackElo "1831"]
[BlackTeam "SC Papenburg"]
[BlackCountry "GER"]
[BlackFideId "12974668"]
[BlackEloChange "7"]

1. e4 {[%clk 1:30:30]} d5 {[%clk 1:30:30]} 2. exd5 {[%clk 1:30:30]} Qxd5 {[%clk
1:30:30]} 3. Nc3 {[%clk 1:30:30]} Qd6 {[%clk 1:30:30]} 4. d3 {[%clk 1:30:30]} Nf6
{[%clk 1:30:30]} 5. Nge2 {[%clk 1:30:30]} a6 {[%clk 1:30:30]} 6. Be3 {[%clk
1:30:30]} e5 {[%clk 1:30:30]} 7. Qd2 {[%clk 1:30:30]} Nc6 {[%clk 1:30:30]} 8. g3
{[%clk 1:30:30]} Be7 {[%clk 1:30:30]} 9. Bg2 {[%clk 1:30:30]} Bf5 {[%clk
1:30:30]} 10. O-O {[%clk 1:30:30]} O-O {[%clk 1:30:30]} 11. f4 {[%clk 1:30:30]}
Qd7 {[%clk 1:30:30]} 12. fxe5 {[%clk 1:30:30]} Nxe5 {[%clk 1:30:30]} 13. Nf4
{[%clk 1:30:30]} c6 {[%clk 1:30:30]} 14. Na4 {[%clk 1:30:30]} Rad8 {[%clk
1:30:30]} 15. Bb6 {[%clk 1:30:30]} Nc4 {[%clk 1:30:30]} 16. Qc3 {[%clk 1:30:30]}
Nxb6 {[%clk 1:30:30]} 17. Nxb6 {[%clk 1:30:30]} Qc7 {[%clk 1:30:30]} 18. Nfd5
{[%clk 1:30:30]} Nxd5 {[%clk 1:30:30]} 19. Nxd5 {[%clk 1:30:30]} Rxd5 {[%clk
1:30:30]} 20. Bxd5 {[%clk 1:30:30]} Qb6+ {[%clk 1:30:30]} 21. Kh1 {[%clk
1:30:30]} Bd7 {[%clk 1:30:30]} 22. Bg2 {[%clk 1:30:30]} Bb4 {[%clk 1:30:30]} 23.
Qe5 {[%clk 1:30:30]} Re8 {[%clk 1:30:30]} 24. Qf4 {[%clk 1:30:30]} f6 {[%clk
1:30:30]} 25. c3 {[%clk 1:30:30]} Bf8 {[%clk 1:30:30]} 26. Qf2 {[%clk 1:30:30]}
Qb5 {[%clk 1:30:30]} 27. Be4 {[%clk 1:30:30]} Bh3 {[%clk 1:30:30]} 28. Rfe1
{[%clk 1:30:30]} f5 {[%clk 1:30:30]} 29. Bg2 {[%clk 1:30:30]} Rxe1+ {[%clk
1:30:30]} 30. Rxe1 {[%clk 1:30:30]} Bxg2+ {[%clk 1:30:30]} 31. Kxg2 {[%clk
1:30:30]} Qxd3 {[%clk 1:30:30]} 32. Qe2 {[%clk 1:30:30]} Qd5+ {[%clk 1:30:30]}
33. Kf1 {[%clk 1:30:30]} Qh1+ {[%clk 1:30:30]} 0-1

[Event "8th Vellmar Chess Days"]
[Site "chess24.com"]
[Date "2016.07.30"]
[Round "4"]
[White "Mueller, Mark"]
[Black "Pabst, Olaf"]
[Result "1-0"]
[Board "53"]
[WhiteElo "1932"]
[WhiteTeam "SC Diez"]
[WhiteCountry "GER"]
[WhiteFideId "12997218"]
[WhiteEloChange "3"]
[BlackElo "1613"]
[BlackTeam "SF Korbach"]
[BlackCountry "GER"]
[BlackFideId "24654833"]
[BlackEloChange "-3"]

1. e4 {[%clk 1:30:30]} d5 {[%clk 1:30:30]} 2. exd5 {[%clk 1:30:30]} Nf6 {[%clk
1:30:30]} 3. d4 {[%clk 1:30:30]} Bg4 {[%clk 1:30:30]} 4. Bb5+ {[%clk 1:30:30]}
Nbd7 {[%clk 1:30:30]} 5. Nf3 {[%clk 1:30:30]} a6 {[%clk 1:30:30]} 6. Be2 {[%clk
1:30:30]} Nxd5 {[%clk 1:30:30]} 7. c4 {[%clk 1:30:30]} N5f6 {[%clk 1:30:30]} 8.
O-O {[%clk 1:30:30]} e6 {[%clk 1:30:30]} 9. h3 {[%clk 1:30:30]} Bh5 {[%clk
1:30:30]} 10. Nc3 {[%clk 1:30:30]} Be7 {[%clk 1:30:30]} 11. Bf4 {[%clk 1:30:30]}
O-O {[%clk 1:30:30]} 12. Ne5 {[%clk 1:30:30]} Bxe2 {[%clk 1:30:30]} 13. Qxe2
{[%clk 1:30:30]} Nb6 {[%clk 1:30:30]} 14. Rad1 {[%clk 1:30:30]} Qc8 {[%clk
1:30:30]} 15. Rd3 {[%clk 1:30:30]} Rd8 {[%clk 1:30:30]} 16. Rfd1 {[%clk 1:30:30]}
c5 {[%clk 1:30:30]} 17. d5 {[%clk 1:30:30]} exd5 {[%clk 1:30:30]} 18. Nxd5 {[%clk
1:30:30]} Nbxd5 {[%clk 1:30:30]} 19. cxd5 {[%clk 1:30:30]} Bd6 {[%clk 1:30:30]}
20. Qf3 {[%clk 1:30:30]} Qf5 {[%clk 1:30:30]} 21. g4 {[%clk 1:30:30]} Qe4 {[%clk
1:30:30]} 22. Qxe4 {[%clk 1:30:30]} Nxe4 {[%clk 1:30:30]} 23. f3 {[%clk 1:30:30]}
Bxe5 {[%clk 1:30:30]} 24. Bxe5 {[%clk 1:30:30]} Nd6 {[%clk 1:30:30]} 25. Rc1
{[%clk 1:30:30]} c4 {[%clk 1:30:30]} 26. Re3 {[%clk 1:30:30]} b5 {[%clk 1:30:30]}
27. a4 {[%clk 1:30:30]} f6 {[%clk 1:30:30]} 28. Bf4 {[%clk 1:30:30]} Nf7 {[%clk
1:30:30]} 29. Rd1 {[%clk 1:30:30]} Kf8 {[%clk 1:30:30]} 30. Re6 {[%clk 1:30:30]}
Rd7 {[%clk 1:30:30]} 31. axb5 {[%clk 1:30:30]} axb5 {[%clk 1:30:30]} 32. Rb6
{[%clk 1:30:30]} Rc8 {[%clk 1:30:30]} 33. Rxb5 {[%clk 1:30:30]} Nd6 {[%clk
1:30:30]} 34. Rb6 {[%clk 1:30:30]} Nf7 {[%clk 1:30:30]} 35. d6 {[%clk 1:30:30]}
Nd8 {[%clk 1:30:30]} 36. Kf2 {[%clk 1:30:30]} Ne6 {[%clk 1:30:30]} 37. Bg3 {[%clk
1:30:30]} Nc5 {[%clk 1:30:30]} 38. Ke3 {[%clk 1:30:30]} Re8+ {[%clk 1:30:30]} 39.
Kd4 {[%clk 1:30:30]} Rc8 {[%clk 1:30:30]} 40. Rc1 {[%clk 1:30:30]} Ne6+ {[%clk
1:30:30]} 41. Kd5 {[%clk 1:30:30]} Kf7 {[%clk 1:30:30]} 42. Rxc4 {[%clk 1:30:30]}
Rxc4 {[%clk 1:30:30]} 43. Kxc4 {[%clk 1:30:30]} Ng5 {[%clk 1:30:30]} 44. Kd5
{[%clk 1:30:30]} Ne6 {[%clk 1:30:30]} 45. f4 {[%clk 1:30:30]} Rd8 {[%clk
1:30:30]} 46. f5 {[%clk 1:30:30]} Nf8 {[%clk 1:30:30]} 47. Kc6 {[%clk 1:30:30]}
Nd7 {[%clk 1:30:30]} 48. Rb7 {[%clk 1:30:30]} Ke8 {[%clk 1:30:30]} 49. b4 {[%clk
1:30:30]} g6 {[%clk 1:30:30]} 50. b5 {[%clk 1:30:30]} Ne5+ {[%clk 1:30:30]} 51.
Bxe5 {[%clk 1:30:30]} fxe5 {[%clk 1:30:30]} 52. Rxh7 {[%clk 1:30:30]} 1-0